Kpop Artists Under SM Entertainment - Statistics

General Stats
  • This quiz has been taken 1,615 times
  • The average score is 8 of 20
Answer Stats
Hint Artist % Correct
Girl Group Red Velvet
91%
Boy Group EXO
90%
Boy Group NCT
90%
Girl Group SNSD
87%
Boy Group SHINee
82%
Boy Group Super Junior
82%
Boy Group TVXQ
65%
Girl Group F(x)
64%
Female Solo BoA
52%
Girl Group S. E. S.
37%
Male Solo Kangta
22%
Boy Group TRAX
10%
Girl Group The Grace
9%
Female Solo J-Min
7%
Male Solo Yoo Young Jin
2%
Female Solo Zhang LiYin
2%
Male Solo Kim Min Jong
1%
Female Solo Lee Yeon Hee
1%
Male Solo Hong Rocky
0%
Male Solo Kim Ian
0%
No matching quizzes found
Score Distribution
Percent of People with Each Score
Percentile by Number Answered
Your Score History
You have not taken this quiz